Применение "ядерных отпечатков" для установления принадлежности контрабандных делящихся материалов; Современные техника и технологии; Т. 3
| Parent link: | Современные техника и технологии: сборник трудов XV Международной научно-практической конференции студентов, аспирантов и молодых ученых, Томск, 4-8 мая 2009 г/ Национальный исследовательский Томский политехнический университет (ТПУ).— , 2009 Т. 3.— 2009.— [С. 39-41] |
|---|---|
| Autor principal: | |
| Outros Autores: | |
| Resumo: | Заглавие с титульного листа Электронная версия печатной публикации |
| Idioma: | russo |
| Publicado em: |
2009
|
| Colecção: | Физические методы в науке и технике |
| Assuntos: | |
| Acesso em linha: | http://www.lib.tpu.ru/fulltext/c/2009/C01/V3/009.pdf |
| Formato: | Recurso Electrónico Capítulo de Livro |
| KOHA link: | https://koha.lib.tpu.ru/cgi-bin/koha/opac-detail.pl?biblionumber=243753 |
MARC
| LEADER | 00000naa2a2200000 4500 | ||
|---|---|---|---|
| 001 | 243753 | ||
| 005 | 20251219100441.0 | ||
| 035 | |a (RuTPU)RU\TPU\book\265105 | ||
| 035 | |a RU\TPU\book\265103 | ||
| 090 | |a 243753 | ||
| 100 | |a 20131006d2009 k y0rusy50 ca | ||
| 101 | 0 | |a rus | |
| 102 | |a RU | ||
| 135 | |a drnn ---uucaa | ||
| 181 | 0 | |a i | |
| 182 | 0 | |a b | |
| 200 | 1 | |a Применение "ядерных отпечатков" для установления принадлежности контрабандных делящихся материалов |f А. А. Девочкин |g науч. рук. К. В. Юшицин | |
| 203 | |a Текст |c электронный | ||
| 215 | |a 1 файл (712 Кб) | ||
| 225 | 1 | |a Физические методы в науке и технике | |
| 300 | |a Заглавие с титульного листа | ||
| 300 | |a Электронная версия печатной публикации | ||
| 320 | |a Библиогр.: 3 назв. | ||
| 337 | |a Adobe Reader | ||
| 461 | 0 | |0 (RuTPU)RU\TPU\book\261117 |t Современные техника и технологии |o сборник трудов XV Международной научно-практической конференции студентов, аспирантов и молодых ученых, Томск, 4-8 мая 2009 г |o в 3 т. |f Национальный исследовательский Томский политехнический университет (ТПУ) |d 2009 | |
| 463 | 0 | |0 (RuTPU)RU\TPU\book\262639 |t Т. 3 |v [С. 39-41] |d 2009 | |
| 610 | 1 | |a ядерные отпечатки | |
| 610 | 1 | |a делящиеся материалы | |
| 610 | 1 | |a контрабандные материалы | |
| 610 | 1 | |a труды учёных ТПУ | |
| 610 | 1 | |a электронный ресурс | |
| 700 | 1 | |a Девочкин |b А. А. |c специалист в области физики |c инженер Томского политехнического университета |f 1988- |g Андрей Александрович |3 (RuTPU)RU\TPU\pers\31360 | |
| 702 | 1 | |a Юшицин |b К. В. |c специалист в области физики |c доцент Томского политехнического университета, кандидат физико-математических наук |f 1967- |g Константин Владимирович |4 727 | |
| 801 | 1 | |a RU |b 63413507 |c 20130617 | |
| 801 | 2 | |a RU |b 63413507 |c 20131230 |g RCR | |
| 856 | 4 | |u http://www.lib.tpu.ru/fulltext/c/2009/C01/V3/009.pdf | |
| 942 | |c CF | ||